Statistiques concernant Types d'anges

Cliquez ici pour prendre le quiz!

Statistiques générales

  • Ce quiz a été pris 54 fois
  • Le résultat moyen est 5 sur 9

Statistiques - réponses

Réponses% Correct
Archanges
91%
Anges
82%
Chérubins
76%
Séraphins
59%
Trônes
44%
Vertus
35%
Puissances
32%
Dominations
29%
Principautés
26%

Distribution des résultats

Percentile par nombre de réponses

% des personnes avec chaque résultat

Votre développement - résultats

Vous n’avez pas pris ce quiz